TV Shows in the Classroom Quiz Stats

 Plays Quiz Updated Sep 11, 2018

Score 0/25 Timer 08:00
11 Plays Today
% Correct
Friends
99.1%
The Big Bang Theory
97.1%
The Fresh Prince of Bel-Air
96.6%
South Park
91.7%
Breaking Bad
90%
Everybody Loves Raymond
85.3%
Star Trek: The Next Generation
84.7%
Two and a Half Men
83.4%
Malcolm in the Middle
81.4%
Full House
80.1%
Modern Family
76.2%
How I Met Your Mother
75.3%
Stranger Things
74.5%
% Correct
Boy Meets World
70.6%
Bob's Burgers
70.1%
Parks and Recreation
68.3%
Leave It to Beaver
65.5%
Community
64%
Saturday Night Live
58.6%
Veronica Mars
55.2%
The Blacklist
53.6%
Welcome Back, Kotter
46.8%
Riverdale
41%
Quantum Leap
40.8%
The Wire
16.4%

You're not logged in!

Compare scores with friends on all Sporcle quizzes.
OR
Log In

Sporcle TV

Today on Sporcle TV


Watch our educational content, quiz creation guides, and fun videos on Sporcle TV.

Show Comments

Extras

Top Quizzes Today


Score Distribution

Your Account Isn't Verified!

In order to create a playlist on Sporcle, you need to verify the email address you used during registration. Go to your Sporcle Settings to finish the process.

Report this User

Report this user for behavior that violates our Community Guidelines.

Details: